[Event "Tournoi francophone 005 Groupe D"]
[Site "Skype"]
[Date "????.??.??"]
[Round "8.3"]
[White "Bouffard, Georges"]
[Black "Tamditi, Ibrahim"]
[Result "1-0"]
[WhiteElo "1432"]
[BlackElo "1343"]
[PlyCount "75"]

1. d4 Nf6 2. f4 e6 3. Nf3 d5 4. e3 Be7 5. Ne5 O-O 6. Bd3 Bd6 7. O-O Bxe5 8.
fxe5 Nfd7 9. Rf3 a6 10. Nd2 c5 11. c3 Nc6 12. Nf1 Ne7 13. Ng3 g6 14. Qe2 Nb6
15. a3 c4 16. Bc2 Nf5 17. e4 Nh4 18. Rf6 Nd7 19. Bh6 Nxf6 20. exf6 Qxf6 21. Rf1
Qd8 22. e5 Re8 23. Qg4 Nf5 24. Bg5 Qb6 25. Rb1 Nxg3 26. Qxg3 Bd7 27. Qf2 Qc7
28. Bf6 h5 29. Qf4 Kh7 30. g4 Rg8 31. gxh5 Be8 32. hxg6+ Rxg6+ 33. Bxg6+ fxg6
34. Qh4+ Kg8 35. Qh8+ Kf7 36. Qh7+ Kf8 37. Qh8+ Kf7 38. Qg7# 1-0

[Event "Tournoi francophone 005 Groupe D"]
[Site "Skype"]
[Date "????.??.??"]
[Round "9.2"]
[White "Malbec, Robert"]
[Black "Porcabeuf, Jean-Marc"]
[Result "1-0"]
[WhiteElo "1477"]
[BlackElo "1337"]
[PlyCount "81"]

1. e4 e6 2. d4 d5 3. Nc3 c6 4. Nf3 h6 5. Be2 Nd7 6. e5 Ne7 7. Be3 Ng6 8. Qd2
Be7 9. O-O O-O 10. a3 c5 11. b3 f6 12. exf6 Nxf6 13. dxc5 Bd7 14. Qd3 Be8 15.
b4 Nh7 16. Nd4 Nh4 17. Nxe6 Bg6 18. Qd2 Qd7 19. Nxf8 Rxf8 20. Qxd5+ Qxd5 21.
Nxd5 Bd8 22. Bd3 Bxd3 23. cxd3 Rf5 24. Nf4 Bg5 25. Ne6 Bxe3 26. fxe3 Rxf1+ 27.
Rxf1 Ng6 28. Nd8 Ng5 29. Nxb7 Ne4 30. d4 Nd2 31. c6 Nxf1 32. Kxf1 Nf8 33. c7
Nd7 34. c8=Q+ Nf8 35. d5 Kf7 36. d6 Ne6 37. Nc5 Nf8 38. Qc7+ Kg8 39. Qc8 Kf7
40. Nd7 Nxd7 41. Qxd7+ 1-0

[Event "Tournoi francophone 005 Groupe D"]
[Site "Skype"]
[Date "????.??.??"]
[Round "9.3"]
[White "Tamditi, Ibrahim"]
[Black "Dubois, Real"]
[Result "1-0"]
[WhiteElo "1343"]
[BlackElo "1381"]
[PlyCount "91"]

1. e4 c6 2. e5 e6 3. d4 d5 4. Nf3 Be7 5. Bd3 Bb4+ 6. c3 Ba5 7. a4 Ne7 8. Qc2
Ng6 9. b4 Bc7 10. Bg5 f6 11. Bxg6+ hxg6 12. Qxg6+ Kf8 13. exf6 Qd7 14. fxg7+
Qxg7 15. Qxg7+ Kxg7 16. Ne5 Nd7 17. Ng4 Kg6 18. Be3 Nf6 19. Nxf6 Kxf6 20. g3
Bd7 21. Nd2 Rag8 22. O-O e5 23. h4 e4 24. f3 Rxg3+ 25. Kf2 Rxh4 26. fxe4 Rh2+
27. Ke1+ Ke6 28. exd5+ Kxd5 29. c4+ Ke6 30. Bf2 Rgg2 31. Nf3 Rh3 32. Ra3 Ke7
33. Re3+ Kd8 34. Bh4+ Kc8 35. Re4 Bg3+ 36. Bxg3 Rgxg3 37. Ne5 Re3+ 38. Rxe3
Rxe3+ 39. Kd2 Rg3 40. b5 cxb5 41. axb5 Rg2+ 42. Kc3 Rg3+ 43. Kb4 Kc7 44. Rf7
Re3 45. Rxd7+ Kb6 46. c5# 1-0

[Event "Tournoi francophone 005 Groupe D"]
[Site "Skype"]
[Date "????.??.??"]
[Round "9.4"]
[White "Maccaferri, Massimo"]
[Black "Bouffard, Georges"]
[Result "1-0"]
[WhiteElo "1261"]
[BlackElo "1432"]
[PlyCount "103"]

1. e4 e6 2. d4 d5 3. exd5 Qxd5 4. Nc3 Bb4 5. a3 Bxc3+ 6. bxc3 Nf6 7. Qd3 c6 8.
Qg3 Nh5 9. Qc7 O-O 10. f3 Qd7 11. Qe5 f6 12. Qxh5 Qd8 13. Qg4 Qe7 14. Bd3 f5
15. Qh3 g6 16. g4 Qf7 17. Ne2 fxg4 18. Qxg4 e5 19. Qg2 Bf5 20. h4 e4 21. fxe4
Be6 22. h5 Qf2+ 23. Qxf2 Rxf2 24. Kxf2 Bf7 25. Rg1 Nd7 26. e5 Nf8 27. Nf4 Kh8
28. hxg6 Nxg6 29. Rh1 Rg8 30. Nxg6+ Bxg6 31. Bg5 Rf8+ 32. Bf6+ Kg8 33. Rag1 Kf7
34. Bc4+ Ke8 35. Ke3 Bxc2 36. Rg6 hxg6 37. Rh7 g5 38. Re7+ Kd8 39. Rxb7+ Kc8
40. Rxa7 g4 41. Ba6+ Kb8 42. Rb7+ Ka8 43. Rg7 Bf5 44. Bb7+ Ka7 45. Bc8+ Kb8 46.
Be7 g3 47. Kf3 Ka8 48. Bb4 Rxc8 49. a4 Kb8 50. a5 c5 51. a6 cxd4 52. a7+ 1-0

[Event "Tournoi francophone 005 Groupe D"]
[Site "Skype"]
[Date "????.??.??"]
[Round "9.5"]
[White "Martin, Jean-Claude"]
[Black "Vincent, Andre"]
[Result "1-0"]
[WhiteElo "1434"]
[BlackElo "1386"]
[PlyCount "61"]

1. d4 d5 2. c4 Nf6 3. Nc3 c6 4. Nf3 e6 5. e3 Bd6 6. Bd3 Nbd7 7. O-O Qc7 8. c5
Be7 9. b4 b6 10. Bb2 bxc5 11. bxc5 e5 12. Nxe5 Nxe5 13. dxe5 Ng4 14. Be2 Nxe5
15. Nxd5 cxd5 16. Qxd5 Nc6 17. Bxg7 Rg8 18. Bf3 Rxg7 19. Qxc6+ Qxc6 20. Bxc6+
Bd7 21. Bxa8 Bxc5 22. Rac1 Bb6 23. Rfd1 f6 24. Bc6 h5 25. Rxd7 Rxd7 26. Rd1 Kf7
27. Rxd7+ Kg6 28. Be4+ Kg5 29. f4+ Kh4 30. g3+ Kh3 31. Bf5# 1-0